000 00613nam a2200205Ia 4500
001 113444
003 DR-UNIBE
005 20260306062556.0
008 250414b1963 mx ||||| |||| 00| 0 spa d
020 _a9789992388518
040 _cBIBLIOTECA UNIBE
_erda
082 _a347 V195c
100 _aValls Hernández, Sergio Armando,
_d1941-
_eautor
_9194223
245 1 3 _aLa corte y la reforma /
_cSergio Armando Valls Hernández
260 _aMéxico :
_bSuprema Corte de Justicia de la Nación,
_c2010
300 _a68 páginas
650 7 _2lemb
_aCorte
_9202980
650 7 _2lemb
_aJusticia
942 _2ddc
_cBK
999 _c113447
_d113447